Online
Catalog

Grecia eterna / (Record no. 43700)

MARC details
000 -CABECERA
campo de control de longitud fija 02677nam a2200241 a 4500
001 - NÚMERO DE CONTROL
campo de control 000044211
003 - IDENTIFICADOR DEL NÚMERO DE CONTROL
campo de control DO-SdBNP
005 - FECHA Y HORA DE LA ÚLTIMA TRANSACCIÓN
campo de control 20240927073749.0
008 - DATOS DE LONGITUD FIJA--INFORMACIÓN GENERAL
campo de control de longitud fija 140609s1999 dr a 000 0 spa d
040 ## - FUENTE DE LA CATALOGACIÓN
Centro catalogador/agencia de origen DO-SdBNP
Lengua de catalogación spa
Centro/agencia transcriptor BNPHU
082 ## - NÚMERO DE LA CLASIFICACIÓN DECIMAL DEWEY
Número de clasificación 938
Número de documento/Ítem B171g, 1999
100 1# - ENTRADA PRINCIPAL--NOMBRE DE PERSONA
Nombre de persona Balaguer, Joaquín,
Fechas asociadas al nombre 1906-2002
9 (RLIN) 76556
245 10 - MENCIÓN DE TÍTULO
Título Grecia eterna /
Mención de responsabilidad, etc. Balaguer Joaquín.
250 ## - MENCIÓN DE EDICIÓN
Mención de edición 2a ed.
260 ## - PUBLICACIÓN, DISTRIBUCIÓN, ETC.
Lugar de publicación, distribución, etc. Santo Domingo :
Nombre del editor, distribuidor, etc. Corripio,
Fecha de publicación, distribución, etc. 1999.
300 ## - DESCRIPCIÓN FÍSICA
Extensión 295 p. :
Otras características físicas il. ;
Dimensiones 23 cm.
500 ## - NOTA GENERAL
Nota general Incluye referencias bibliográficas y notas al pie de las páginas
504 ## - NOTA DE BIBLIOGRAFÍA, ETC.
Nota de bibliografía, etc. Bibliografías : p. 293-294
505 0# - NOTA DE CONTENIDO CON FORMATO
Nota de contenido con formato ORIGEN Y POBLACION -- Origen y población 3 -- Ciudades autónomas 5 -- El genio griego en las artes 9 -- La arquitectura 9 -- El Partenón 10 -- Orden jónico 12 -- El corintio 12 -- El templo griego 16 -- La arquitectura en la edad media 18 -- LAS ARTES PLASTICAS -- Las artes plásticas 23 -- La escultura 23 -- Fidias 24 -- Escopas 27 -- Praxiteles 30 -- Lisipo 35 -- LA PINTURA -- La pintura 41 -- Apeles 41 -- Parrasio 43 -- Zeuxis 45 -- Polignoto 47 -- Juicio de Platón 48 -- EL GENIO LITERARIO GRIEGO -- El genio literario griego 53 -- Homero 53 -- Solón 59 -- Anacreonte 64 -- Píndaro 65 -- Corina 69 -- Tirteo 70 -- Alceo 71 -- Mimnermo 71 -- Arquíloco 72 -- Hesíodo 73 -- Safo 74 -- Simónides de Ceos 78 -- Simónides de Amorgos 81 -- LOS POETAS TRAGICOS -- Los poetas trágicos 85 -- Esquilo 86 -- Sófocles 93 -- Eurípides 100 -- Agatón 113 -- LOS POETAS COMICOS -- Los poetas cómicos 117 -- Aristófanes 117 -- Cratino 122 -- LOS FILOSOFOS -- Los filósofos 127 -- Pitágoras y el pitagorismo 128 -- Parménides 131 -- Heráclito 133 -- Sócrates 135 -- Platón 150 -- Aristóteles 164 -- LA SOFISTICA -- La sofística 181 -- Gorgias 183 -- LA CIENCIA GRIEGA -- La ciencia griega 187 -- Hiparco 189 -- Mileto 193 -- Arquímedes 197 -- euclides 203 -- GRECIA, CUNA DE LA HISTORIA -- Grecia, cuna de la historia 211 -- Heródoto 211 -- Tucídides 213 -- Polibio 217 -- Diodoro Sículo 217 -- Plutarco 218 -- LA MITOLOGIA GRIEGA -- La mitología griega 221 -- Los dioses griegos 223 -- Zeus 223 -- Los grandes dioses que no tenían asiento en el consejo celestial, otros dioses y semidioses 232 -- los dioses menores eran colaboradores de las grandes divinidades 234 -- Los dioses del hogar y de la patria eran muy numerosos 236 -- Los dioses del campo y la ciudad en la mitología grecorromana 237 -- Principales dioses de las aguas y sus atributos 238 -- Los dioses que habitaban en las montañas y en los bosques 240 -- Los di
651 14 - PUNTO DE ACCESO ADICIONAL DE MATERIA--NOMBRE GEOGRÁFICO
Nombre geográfico Grecia
Subdivisión general Historia
9 (RLIN) 2389
910 ## - DATOS DE OPCIÓN DEL USUARIO (OCLC)
Datos de opción del usuario Validado. Control de calidad MFF
942 ## - ELEMENTOS DE PUNTO DE ACCESO ADICIONAL (KOHA)
Fuente del sistema de clasificación o colocación Dewey Decimal Classification
Tipo de ítem Koha Libro
Holdings
Estado de retiro Estado de pérdida Restricciones de uso No para préstamo Código de colección Localización permanente Ubicación/localización actual Ubicación en estantería Fecha de adquisición Número de inventario Total de préstamos Signatura topográfica completa Código de barras Fecha visto por última vez Número de copia Precio válido a partir de Tipo de ítem Koha Nota pública
        Dominicana de Servicio General General Depósito 19.07.2019 LF1   938 B171g, 1999 44211-30 25.06.2020 e.3 25.06.2020 Libro y Folleto Colección Dominicana de Servicio Perteneció a la biblioteca personal de la familia Reyes Duluc.
      Excluido de préstamo Patrimonio Dominicano Patrimonio Dominicano Patrimonio Dominicano Depósito 09.06.2014 LF1   938 B171g, 1999 44211-10 25.06.2020   25.06.2020 Libro y Folleto Colección Patrimonio Dominicano  
      Excluido de préstamo Patrimonio Dominicano Patrimonio Dominicano Patrimonio Dominicano Depósito 19.07.2019 LF1   938 B171g, 1999 44211-20 25.06.2020 e.2 25.06.2020 Libro y Folleto Colección Patrimonio Dominicano Perteneció a la biblioteca personal de la familia Reyes Duluc.

Powered by Koha